000 01166nam a22002417a 4500
001 3312
003 FISKH
005 20240227093115.0
008 240227b cb ||||| |||| 00| 0 eng d
040 _aFISK
_beng
_cFISK
_dFISK
050 _aPZ7.N5897
082 _a823.914
100 _aNimmo Jenny :
_d1944
245 _aCharlie bone and the time twister /
_cJenny Nimmo
260 _aNew York :
_bJenny Nimmo,
_c2003
300 _a402 pages :
_b20 cm :
490 _3Children of the red king
_aBook 2
501 _aM
520 _aIn January 1916 Henry Yewbeam and his younger brother, James, have been sent to stay with their cousins at the Bloor's Academy. It is one of the coldest days of the year, and all Henry wants to do is hide from his mean cousins and play marbles. He finds a nice, long hall and begins to roll his marbles. Then he discovers a marble that doesn't look familiar to him. Suddenly a series of strange events takes place. Henry begins to disappear. He quickly scribbles on the floor Give The Marble To James, and then he vanishes from the year 1916.
521 8 _a650
_bM
700 _aJenny Nimmo
942 _2ddc
_cBK
_n0
999 _c3312
_d3312